| LEADER |
01533nam0a2200229 450 |
| 001 |
16834529 |
| 010 |
|
|
|a 978-2-07-512693-9
|b rel.
|d 23,9
|
| 100 |
|
|
|a 20200206d2026 u u0frey01 ba
|
| 101 |
1 |
|
|a fre
|c eng
|
| 102 |
|
|
|a FR
|
| 200 |
0 |
|
|a Sacrées sorcières
|f Roald Dahl, Pénélope Bagieu
|g [traduction du roman en langue française : Marie Saint-Dizier et Raymond Farré]
|
| 207 |
|
1 |
|a
|
| 210 |
|
|
|a [Paris]
|c Gallimard bande dessinée
|d DL 2020
|
| 215 |
|
|
|a 1 vol. (299 p.)
|c ill. en coul.
|d 27 cm
|
| 330 |
|
|
|a Les enfants sont répugnants ! Ils puent ! Ils empestent ! Ils sentent le caca de chien ! Rien que d'y penser, j'ai envie de vomir ! Il faut les écrabouiller ! Les pulvériser ! Écoutez le plan que j'ai élaboré pour nettoyer l'Angleterre de toute cette vermine...Attention ! Les vraies sorcières sont habillées de façon ordinaire et ressemblent à n'importe qui. Mais elles ne sont pas ordinaires. Elles passent leur temps à dresser les plans les plus démoniaques et elles détestent les enfants. La Grandissime Sorcière compte bien les faire tous disparaître. Seuls un jeune garçon et son extravagante grand-mère semblent capables de l'en empêcher...
|
| 700 |
|
0 |
|a Dahl
|b Roald
|f 1916-1990
|4 70
|
| 701 |
|
0 |
|a Bagieu
|b Pénélope
|f 1982-....
|4 70
|
| 702 |
|
0 |
|a Saint-Dizier
|b Marie
|f 1944-....
|4 730
|
| 702 |
|
0 |
|a Farré
|b Raymond
|f 1941-....
|4 730
|
| 900 |
|
|
|a Bande Dessinée enfant ado
|
| 901 |
|
|
|a Accessible au prêt
|
| 995 |
|
|
|a Bibliothèque
|c Bibliothèque
|f 024020642
|h 024020642
|k BD BAG
|o p
|q a
|r az
|e Bibliothèque
|